000 00805nam a2200241 a 4500
001 000016900
005 20200929165000.0
008 100312s1992 dr r 000 0 spa d
040 _aDO-SdBNP
_bspa
_cBNPHU
082 _a371.3028
_bR426a
110 1 _aRepública Dominicana
_bPlan Decenal de Educación 1992-2001
_937384
245 1 0 _aAnteproyecto de nueva ley general de educación.
260 _aSanto Domingo :
_bEditora de Colores,
_c1992.
300 _a296 p. ;
_c26 cm.
490 1 _aA
490 1 _aDocumento
_v2
590 _aInventariado, 2019/BT
650 4 _aPlanes de estudio
_zRepública Dominicana
_937385
650 4 _aEducación
_xLegislación
_zRepública Dominicana
_917106
650 4 _aEducación
_zRepública Dominicana
_9737
830 0 _aA
_937386
830 0 _aDocumento
_n2
_937387
999 _c16432
_d16432